All Marvel Movies - Statistics

General Stats
  • This quiz has been taken 181 times
    116 since last reset
  • The average score is 63 of 80
Answer Stats
Producer Year Movie % Correct
Universal 2003 Hulk
94%
Columbia 2002 Spider-Man
94%
Columbia 2004 Spider-Man 2
94%
Marvel 2008 The Incredible Hulk
94%
20th Century 2015 Fant4stic
91%
20th Century 2005 Fantastic Four
91%
Columbia 2007 Spider-Man 3
91%
20th Century 2000 X-Men
91%
Marvel 2011 Captain America: The First Avenger
89%
Marvel 2008 Iron Man
89%
Marvel 2010 Iron Man 2
89%
Marvel 2012 Marvel's The Avengers
89%
Marvel 2011 Thor
89%
Marvel 2026 Avengers: Doomsday
86%
Marvel 2013 Iron Man 3
86%
Columbia 2012 The Amazing Spider-Man
86%
Marvel 2015 Ant-Man
83%
Marvel 2018 Avengers: Infinity War
83%
Marvel 2021 Black Widow
83%
New Line 1998 Blade
83%
New Line 2002 Blade II
83%
Marvel 2016 Captain America: Civil War
83%
20th Century 2003 Daredevil
83%
Marvel 2021 Spider-Man: No Way Home
83%
Columbia 2014 The Amazing Spider-Man 2
83%
Marvel 2015 Avengers: Age of Ultron
80%
Marvel 2019 Avengers: Endgame
80%
Marvel 2018 Black Panther
80%
New Line 2004 Blade: Trinity
80%
Marvel 2014 Captain America: The Winter Soldier
80%
20th Century 2016 Deadpool
80%
20th Century 2005 Elektra
80%
Marvel 2014 Guardians of the Galaxy
80%
Marvel 2017 Guardians of the Galaxy Vol. 2
80%
Marvel 2019 Spider-Man: Far From Home
80%
Marvel 2017 Spider-Man: Homecoming
80%
20th Century 2013 The Wolverine
80%
Marvel 2017 Thor: Ragnarok
80%
Marvel 2013 Thor: The Dark World
80%
20th Century 2003 X2
80%
20th Century 2009 X-Men Origins: Wolverine
80%
Marvel 2018 Ant-Man and the Wasp
77%
Marvel 2025 Captain America: Brave New World
77%
Marvel 2019 Captain Marvel
77%
20th Century 2018 Deadpool 2
77%
Marvel 2024 Deadpool & Wolverine
77%
Marvel 2016 Doctor Strange
77%
Columbia 2007 Ghost Rider
77%
Marvel 2023 Guardians of the Galaxy Vol. 3
77%
Marvel 2026 Spider-Man: Brand New Day
77%
Artisan 2004 The Punisher
77%
Marvel 2022 Thor: Love and Thunder
77%
20th Century 2006 X-Men: The Last Stand
77%
Marvel 2023 Ant-Man and the Wasp: Quantumania
74%
Marvel 2027 Avengers: Secret Wars
74%
Marvel 2022 Black Panther: Wakanda Forever
74%
Marvel 2022 Doctor Strange in the Multiverse of Madness
74%
Marvel 2021 Eternals
74%
20th Century 2007 Fantastic Four: Rise of the Silver Surfer
74%
20th Century 2017 Logan
74%
Marvel 2021 Shang-Chi and the Legend of the Ten Rings
74%
(Animated) 2018 Spider-Man: Into the Spider-Verse
74%
Marvel 2025 The Fantastic Four: First Steps
74%
Marvel 2023 The Marvels
74%
Marvel 2025 Thunderbolts*
74%
20th Century 2016 X-Men: Apocalypse
74%
20th Century 2014 X-Men: Days of Future Past
74%
20th Century 2011 X-Men: First Class
74%
(Animated) 2023 Spider-Man: Across the Spider-Verse
71%
Columbia 2018 Venom
71%
Columbia 2021 Venom: Let There Be Carnage
71%
20th Century 2019 Dark Phoenix
69%
Columbia 2024 Kraven the Hunter
69%
Columbia 2024 Madame Web
69%
Columbia 2022 Morbius
69%
Columbia 2024 Venom: The Last Dance
69%
Columbia 2011 Ghost Rider: Spirit of Vengeance
66%
Lionsgate 2008 Punisher: War Zone
66%
(Animated) 2027 Spider-Man: Beyond the Spider-Verse
66%
20th Century 2020 The New Mutants
66%
No matching quizzes found
Score Distribution
Percent of People with Each Score
Percentile by Number Answered
Your Score History
You have not taken this quiz since the last reset